| 000 | 00452nam a2200181Ia 4500 | ||
|---|---|---|---|
| 003 | GCL | ||
| 008 | 140319s9999 xx 000 0 eng d | ||
| 040 |
_aGCL / _cGCL |
||
| 082 | 0 | 4 |
_a553.79 _bP I |
| 100 | 1 | _aWAGNER, JUDI | |
| 245 | 1 | 0 |
_aINTRODICING GROUND WATERS / _cWAGNER, JUDI |
| 260 |
_a[S.N] : _bMACMILLAN PUBLISHING COMPANY |
||
| 300 | _a195 P | ||
| 650 | 0 | 4 | _aSCIENCE |
| 650 | 0 | 4 | _aWATER - SUPPLY |
| 650 | 0 | 4 | _aGROUNDWATER |
| 942 |
_2ddc _cBK |
||
| 999 |
_c18198 _d18198 |
||